Вып. 3 : Физика; История и методология естественных наук

Dades bibliogràfiques
Parent link:История и методология естественных наук: сборник статей/ Московский государственный университет им. М. В. Ломоносова (МГУ) ; гл. ред. Д. И. Гордеев. Вып. 3 : Физика.— , 1960-1992
Idioma:rus
Publicat: 1965
Matèries:
Format: Llibre
KOHA link:https://koha.lib.tpu.ru/cgi-bin/koha/opac-detail.pl?biblionumber=315876

MARC

LEADER 00000nam2a2200000 4500
001 315876
005 20231102002824.0
035 |a (RuTPU)RU\TPU\book\341313 
035 |a RU\TPU\book\174297 
090 |a 315876 
100 |a 20090527d1965 km y0rusy50 ca 
101 0 |a rus 
102 |a RU 
105 |a a z 001zy 
200 0 |a Вып. 3 : Физика 
210 |d 1965 
215 |a 327 с.  |c ил. 
320 |a Библиогр. в конце ст. 
461 1 |0 (RuTPU)RU\TPU\book\174595  |t История и методология естественных наук  |o сборник статей  |f Московский государственный университет им. М. В. Ломоносова (МГУ) ; гл. ред. Д. И. Гордеев  |v Вып. 3 : Физика  |d 1960-1992 
606 1 |a Физическая наука  |x История  |2 stltpush  |3 (RuTPU)RU\TPU\subj\63824  |9 80761 
606 1 |a Естествознание  |x История  |2 stltpush  |3 (RuTPU)RU\TPU\subj\38880  |9 59129 
610 1 |a методология 
610 1 |a физика 
610 1 |a естественные науки 
675 |a 50  |v 3 
675 |a 53(09)  |v 3 
801 1 |a RU  |b 63413507  |c 20160311 
801 2 |a RU  |b 63413507  |c 20190731  |g RCR 
942 |c BK